000 00455nam a2200193Ia 4500
003 GCL
008 140319s9999 xx 000 0 eng d
040 _aGCL /
_cGCL
082 0 4 _a746
_bG O
100 1 _aGUILD, TRICIA
245 1 0 _aLE DECOR EN TISSU /
_cGUILD, TRICIA
260 _a[S.N] :
_bDESSAIN ET TOLRA ،
_c1991
300 _a128 P
650 0 4 _aARTS
650 0 4 _aDESIGN
650 0 4 _aDECORATION
650 0 4 _aFURNITURE
942 _2ddc
_cBK
999 _c21197
_d21197